| 000 | 02067nam0a22003371 4500 | ||
|---|---|---|---|
| 001 | v19\rc\1342516 | ||
| 005 | 20260406082853.0 | ||
| 035 | _a(NLR Aleph) 005205446 | ||
| 090 |
_a5353296 _c5353296 |
||
| 100 | _a20060512d1859 |||y0rusy50 ca | ||
| 101 | 0 | _arus | |
| 102 | _aRU | ||
| 105 | _ay z |||a| | ||
| 200 | 1 |
_aЖизнь Ваньки Каина им самим рассказанная _eНовое изд. Григория Книжника |
|
| 210 |
_aСанкт-Петербург _cтип. В. Безобразова и К° _d1859 |
||
| 215 |
_a[2], 92 с. _d18 |
||
| 300 | _aПерепечатка изд. 1786 г. на втором тит. л.: Жизнь и похождения российского Картуша, именуемого Каина, известного мошенника и того ремесла людей сыщика..., писанная им самим при Балтийском порте, в 1764 году. В Санктпетербурге, 1785[!] года | ||
| 327 | 0 | _aС. 83-92: Об изданиях жизнеописания Ваньки Каина / Григорий Книжник | |
| 464 | 0 |
_12001#$aОб изданиях жизнеописания Ваньки Каина$fГригорий Книжник _1215##$aС. 83-92 _1700#1$3RU\NLR\AUTH\7748803$aГеннади$bГ. Н.$f1826-1880$gГригорий Николаевич _tОб изданиях жизнеописания Ваньки Каина _aГеннади, Григорий Николаевич (1826-1880) |
|
| 702 | 1 |
_4570 _7ca _8rus _aГеннади _bГ. Н. _f1826-1880 _gГригорий Николаевич _931738 _3RU\NLR\AUTH\7748803 |
|
| 702 | 0 |
_4570 _7ca _8rus _aВанька-Каин _f1718- _992104 _3RU\NLR\AUTH\77109179 |
|
| 801 | 0 |
_aRU _bNLR _c20060512 _gpsbo |
|
| 801 | 0 |
_aRU _bRuMoRGB _c20060512 _2psbo |
|
| 801 | 1 |
_aRU _bProSoft-M _c20060512 _2rusmarc |
|
| 801 | 2 |
_aRU _bNLR _c20120807 _2rusmarc |
|
| 852 |
_aNLR _j18.7.3.222 |
||
| 852 |
_aNLR _j129/4983 |
||
| 852 |
_aNLR _bМф _jК1/17977 |
||
| 942 | _cBOOK | ||
| 980 | _aNB | ||